Strach a úzkost a jak na ně /
Renomovaný psychiatr podává téma strachu z různých úhlů a vysvětluje, jak pracovat se svými emocemi i ve složitých situacích.
Uloženo v:
| Hlavní autor: | |
|---|---|
| Další autoři: | , |
| Médium: | E-audiokniha |
| Jazyk: | Czech |
| Vydáno: |
Praha :
Voxi,
[2024]
|
| Témata: | |
| Tagy: |
Žádné tagy |
| LEADER | 03885nim a2200829 i 4500 | ||
|---|---|---|---|
| 001 | 313360 | ||
| 003 | CZ PrSKC | ||
| 005 | 20260601215740.0 | ||
| 007 | sd fungnnmmned | ||
| 008 | 241014t20242024xr nnnng z n cze | ||
| 015 | |a cnb003637341 | ||
| 020 | |a 9788074481895 : |c Kč 299,00 | ||
| 040 | |a ABA001 |b cze |e rda | ||
| 072 | 7 | |a 159.93/.94 |x Senzorické a motorické funkce. Emoce. Vůle |2 Konspekt | |
| 080 | |a 159.942 |2 MRF | ||
| 080 | |a 159.913 |2 MRF | ||
| 080 | |a 615.8-022.214 |2 MRF | ||
| 080 | |a 159.923.5 |2 MRF | ||
| 080 | |a (035) |2 MRF | ||
| 080 | |a (086.7)08 |2 MRF | ||
| 080 | |a (086.76) |2 MRF | ||
| 100 | 1 | |a Honzák, Radkin, |d 1939- |7 jn19990209257 |4 aut | |
| 245 | 1 | 0 | |a Strach a úzkost a jak na ně / |c Radkin Honzák |
| 264 | 1 | |a Praha : |b Voxi, |c [2024] | |
| 264 | 4 | |c ©2024 | |
| 300 | |a 1 audiodisk (3 hod., 13. min) ; |c 12 cm | ||
| 306 | |a 031300 | ||
| 336 | |a mluvené slovo |b spw |2 rdacontent | ||
| 337 | |a audio |b s |2 rdamedia | ||
| 338 | |a audiodisk |b sd |2 rdacarrier | ||
| 344 | |a digital |b optical |2 rda | ||
| 347 | |a audio soubor |b MP3 |2 rda | ||
| 500 | |a Název z disku | ||
| 500 | |a Copyright Albatros Media | ||
| 500 | |a Podle stejnojmenné knihy vydané nakladatelstvím Vyšehrad v roce 2023 | ||
| 500 | |a Nezkrácená audiokniha ve formátu MP3 | ||
| 508 | |a Režie, Daniel Tůma | ||
| 511 | 0 | |a Čte Petr Neskusil | |
| 518 | |o Nahráno |d 2024 |p studio Karpofon | ||
| 520 | 2 | |a Renomovaný psychiatr podává téma strachu z různých úhlů a vysvětluje, jak pracovat se svými emocemi i ve složitých situacích. |b Z evolučního hlediska jsou strach a úzkost velmi prospěšné, protože přicházejí ve chvílích ohrožení - díky nim je lidský mozek neustále připraven čelit nebezpečí. Problém nastává, když se tyto pocity objevují v důsledku nepřiměřeně malých podnětů, nebo dokonce přicházejí samy od sebe. Je to i váš případ? Chcete se dozvědět, jak si strach a úzkost nepustit k tělu a vybudovat si s nimi zdravý vztah? S renomovaným psychiatrem Radkinem Honzákem zjistíte, jak pracovat se svými emocemi i ve složitých situacích. Nakladatelská anotace. Kráceno. | |
| 650 | 0 | 7 | |a úzkost |7 ph128368 |2 czenas |
| 650 | 0 | 7 | |a strach |7 ph117268 |2 czenas |
| 650 | 0 | 7 | |a zvládání stresu |7 ph135858 |2 czenas |
| 650 | 0 | 7 | |a autoterapie |7 ph221954 |2 czenas |
| 650 | 0 | 7 | |a sebeřízení |7 ph303239 |2 czenas |
| 650 | 0 | 9 | |a anxiety |2 eczenas |
| 650 | 0 | 9 | |a fear |2 eczenas |
| 650 | 0 | 9 | |a stress management |2 eczenas |
| 650 | 0 | 9 | |a autotherapy |2 eczenas |
| 650 | 0 | 9 | |a self-management |2 eczenas |
| 655 | 7 | |a příručky |7 fd133209 |2 czenas | |
| 655 | 7 | |a audioknihy |7 fd119452 |2 czenas | |
| 655 | 7 | |a kompaktní disky |7 fd201991 |2 czenas | |
| 655 | 9 | |a handbooks and manuals |2 eczenas | |
| 655 | 9 | |a audiobooks |2 eczenas | |
| 655 | 9 | |a compact discs |2 eczenas | |
| 700 | 1 | |a Neskusil, Petr, |d 1991- |7 xx0244298 |4 nrt | |
| 700 | 1 | |a Tůma, Daniel, |d 1978- |7 xx0131764 |4 drt | |
| 900 | |a ABA001 |b 19 | ||
| 928 | 9 | |a Albatros Media | |
| 044 | |a xr | ||
| 505 | 0 | 0 | |t 01_Nutny nudny uvod_Prosim nepreskakovat (24 min., 1 sek.) |
| 505 | 0 | 0 | |t 02_Strach a uzkost_Cast prvni (30 min., 11 sek.) |
| 505 | 0 | 0 | |t 03_Strach a uzkost_Cast druha (21 min., 32 sek.) |
| 505 | 0 | 0 | |t 04_Strach a uzkost_Cast treti (29 min., 9 sek.) |
| 505 | 0 | 0 | |t 05_Strach a uzkost_Cast ctvrta (27 min., 23 sek.) |
| 505 | 0 | 0 | |t 06_Strach a uzkost_Cast pata (26 min., 51 sek.) |
| 505 | 0 | 0 | |t 07_Uzkostne poruchy jako diagnozy a jejich reseni (31 min., 32 sek.) |
| 505 | 0 | 0 | |t 08_Par slov na zaver (2 min., 42 sek.) |
| 910 | |a RBIT002 | ||
| 998 | |d 408832 |a https://core.palmknihy.cz/api/books/408832/cover?shkgzr |b https://core.palmknihy.cz/api/books/408832/cover/400?shkgzr |c https://core.palmknihy.cz/api/books/408832/cover/50?shkgzr |e 2033-12-31 |i 9788074481895 |l 11580 |q 49 |r 1 |s https://www.palmknihy.cz/kniha/408832 |t audiobook |y 2024 |z 0 | ||
| 999 | |d 313358 | ||